[Event "GER-chT U20"]
[Site "Kiel"]
[Date "2022.07.26"]
[Round "7.6"]
[White "Pavlov, Liliane"]
[Black "Rothenberg, Jannik"]
[Result "0-1"]
[WhiteElo "1758"]
[BlackElo "1889"]
[PlyCount "104"]
[EventDate "2022.07.22"]
[EventType "team-swiss"]
[EventRounds "7"]
[EventCountry "GER"]
[SourceTitle "CBM 209 Extra"]
[Source "ChessBase"]
[SourceDate "2022.09.30"]
[SourceVersion "1"]
[SourceVersionDate "2022.09.30"]
[SourceQuality "1"]
[WhiteTeam "Regensburg Bavaria"]
[BlackTeam "Uelzen Post"]
[WhiteTeamCountry "GER"]
[BlackTeamCountry "GER"]

1. d4 g6 2. c4 Bg7 3. Nf3 d6 4. g3 Nd7 5. Bg2 e5 6. Nc3 Ne7 7. e4 0-0 8. 0-0 exd4 9. Nxd4 Nc6 10. Nxc6 bxc6 11. Qc2 Ne5 12. b3 c5 13. Bb2 Nc6 14. Nd5 Nd4 15. Qd2 Be6 16. Ne3 Qd7 17. f4 Rae8 18. f5 gxf5 19. exf5 Nxf5 20. Nxf5 Bxf5 21. Qg5 Bg6 22. Bxg7 Kxg7 23. h4 Re5 24. Qf6+ Kg8 25. Kh2 Rfe8 26. a3 a5 27. Ra2 Qe6 28. Bd5 Qxf6 29. Rxf6 Re2+ 30. Rf2 Rxa2 31. Rxa2 Re3 32. Rb2 Be4 33. Bxe4 Rxe4 34. Kh3 Kg7 35. h5 f5 36. Rf2 Kf6 37. Rf4 Kg5 38. Rf3 h6 39. a4 Re2 40. Rd3 Kxh5 41. Rf3 Kg5 42. Rd3 h5 43. Rf3 Re4 44. Rd3 h4 45. gxh4+ Rxh4+ 46. Kg3 f4+ 47. Kf2 Kf5 48. Rd5+ Ke4 49. Kg2 Rg4+ 50. Kf2 Rg3 51. Rd2 Rxb3 52. Rc2 Kd4 0-1

[Event "GER-chT Christmas U16 Lasker"]
[Site "Playchess.com INT"]
[Date "2020.12.28"]
[Round "3.4"]
[White "Golubev, Egor"]
[Black "Pavlov, Liliane"]
[Result "0-1"]
[WhiteElo "1589"]
[BlackElo "1740"]
[PlyCount "126"]
[EventDate "2020.12.28"]
[EventType "team-swiss (blitz)"]
[EventRounds "7"]
[EventCountry "GER"]
[SourceTitle "CBM 200 Extra"]
[Source "ChessBase"]
[SourceDate "2021.03.31"]
[SourceVersion "1"]
[SourceVersionDate "2021.03.31"]
[SourceQuality "1"]
[WhiteTeam "Bischofswerda"]
[BlackTeam "Regensburg Bavaria"]
[WhiteTeamCountry "GER"]
[BlackTeamCountry "GER"]

1. Nf3 Nc6 2. d4 d5 3. g3 g6 4. Bg2 Bg7 5. 0-0 Nf6 6. e4 Nxe4 7. Nc3 0-0 8. Bf4 a6 9. Ne5 Nxc3 10. bxc3 Na5 11. Qe2 f6 12. Nd3 Nc4 13. Nc5 e5 14. dxe5 fxe5 15. Be3 b6 16. Rad1 c6 17. Ne4 Qc7 18. Nd2 Nxe3 19. Qxe3 Bf5 20. Rc1 Rae8 21. c4 d4 22. Qb3 c5 23. Ne4 Bh6 24. Rcd1 Be6 25. Qd3 Qd7 26. c3 Bg7 27. a3 Qc7 28. Rfe1 Rb8 29. Rf1 Bf5 30. Qd2 Rfd8 31. Rfe1 Be6 32. Qd3 Qf7 33. Nd2 b5 34. cxb5 axb5 35. Rb1 c4 36. Qc2 d3 37. Qb2 Bd5 38. Qb4 Bxg2 39. Kxg2 Qd5+ 40. Kg1 Rf8 41. Rbd1 Bh6 42. Qb2 Bxd2 43. Qxd2 e4 44. Re3 Rbe8 45. Rde1 Qa8 46. Ra1 Rf5 47. Kg2 Ref8 48. Kg1 Rxf2 49. Qxf2 Rxf2 50. Kxf2 Kf7 51. Ke1 Ke6 52. Kd2 Ke5 53. h3 Qa4 54. Ra2 Qb3 55. Ra1 Qb2+ 56. Kd1 Qxa1+ 57. Kd2 Qb2+ 58. Ke1 Qxc3+ 59. Kf2 Qd2+ 60. Kg1 Qxe3+ 61. Kh2 Qe2+ 62. Kg1 d2 63. Kh1 d1Q# 0-1

[Event "GER-chT U20 Girls"]
[Site "Braunschweig"]
[Date "2019.12.30"]
[Round "7.3"]
[White "Pavlov, Liliane"]
[Black "Schnabel, Luise"]
[Result "0-1"]
[WhiteElo "1623"]
[BlackElo "1836"]
[PlyCount "82"]
[EventDate "2019.12.27"]
[EventType "team-swiss"]
[EventRounds "7"]
[EventCountry "GER"]
[SourceTitle "CBM 194 Extra"]
[Source "ChessBase"]
[SourceDate "2020.03.31"]
[SourceVersion "1"]
[SourceVersionDate "2020.03.31"]
[SourceQuality "1"]
[WhiteTeam "Regensburg Bavaria"]
[BlackTeam "Harksheide"]
[WhiteTeamCountry "GER"]
[BlackTeamCountry "GER"]

1. d4 Nf6 2. c4 g6 3. Nf3 Bg7 4. g3 0-0 5. Bg2 d6 6. 0-0 Nc6 7. Nc3 a6 8. e4 Bg4 9. h3 Bxf3 10. Bxf3 e5 11. d5 Nd4 12. Bg2 Nd7 13. Ne2 c5 14. Nxd4 exd4 15. Rb1 b5 16. b3 Rb8 17. Bd2 Qc7 18. Qc2 Rb7 19. f4 Rbb8 20. f5 f6 21. h4 Ne5 22. Bf4 Qe7 23. Qd1 bxc4 24. bxc4 Rxb1 25. Qxb1 Nxc4 26. Qd3 Ne5 27. Qxa6 Rb8 28. g4 Qb7 29. Qxb7 Rxb7 30. g5 gxf5 31. Bxe5 dxe5 32. Rxf5 fxg5 33. hxg5 c4 34. Bf1 d3 35. Bh3 d2 36. Rf1 c3 37. d6 c2 38. Be6+ Kh8 39. d7 Rxd7 40. Bxd7 d1Q 41. Ba4 Qxf1+ 0-1

[Event "GER-chT U20 Girls"]
[Site "Braunschweig"]
[Date "2019.12.27"]
[Round "2.5"]
[White "Pavlov, Liliane"]
[Black "Schmidt, Pauline"]
[Result "1-0"]
[WhiteElo "1623"]
[BlackElo "1628"]
[PlyCount "65"]
[EventDate "2019.12.27"]
[EventType "team-swiss"]
[EventRounds "7"]
[EventCountry "GER"]
[SourceTitle "CBM 194 Extra"]
[Source "ChessBase"]
[SourceDate "2020.03.31"]
[SourceVersion "1"]
[SourceVersionDate "2020.03.31"]
[SourceQuality "1"]
[WhiteTeam "Regensburg Bavaria"]
[BlackTeam "Stadtilm Blau Weiss"]
[WhiteTeamCountry "GER"]
[BlackTeamCountry "GER"]

1. d4 Nf6 2. c4 e6 3. Nf3 b6 4. g3 Ba6 5. b3 Bb4+ 6. Bd2 Be7 7. Nc3 d5 8. cxd5 exd5 9. Bg2 Bb7 10. 0-0 0-0 11. Rc1 a6 12. Re1 Nbd7 13. Qc2 Rc8 14. h3 c5 15. Qb2 cxd4 16. Nxd4 Bc5 17. Na4 b5 18. Nxc5 Nxc5 19. Bb4 Nfd7 20. Nf5 Qg5 21. Nd6 Rb8 22. Nxb7 Nxb7 23. Bxf8 Nxf8 24. Red1 Ne6 25. Bxd5 Ned8 26. Bxb7 Nxb7 27. Rd7 h6 28. Rcc7 Nd8 29. Qc2 Qe5 30. Rc8 Rxc8 31. Qxc8 Qxe2 32. Rxd8+ Kh7 33. Qf5+ 1-0

[Event "BL2 Sued 1920 (Women)"]
[Site "Germany"]
[Date "2019.12.14"]
[Round "3.4"]
[White "Pavlov, Liliane"]
[Black "Froehlich, Franziska"]
[Result "0-1"]
[WhiteElo "1629"]
[BlackElo "1876"]
[PlyCount "114"]
[EventDate "2019.09.14"]
[EventType "team-tourn"]
[EventRounds "7"]
[EventCountry "GER"]
[SourceTitle "EXT 2021"]
[Source "ChessBase"]
[SourceDate "2020.10.23"]
[SourceVersion "1"]
[SourceVersionDate "2020.10.23"]
[SourceQuality "1"]
[WhiteTeam "Regensburg Bavaria (W)"]
[BlackTeam "Stuttgart Wolfbusch (W)"]
[WhiteTeamCountry "GER"]
[BlackTeamCountry "GER"]

1. d4 d5 2. c4 e6 3. Nf3 Nf6 4. g3 Be7 5. Bg2 0-0 6. 0-0 c5 7. cxd5 Nxd5 8. Nc3 Nf6 9. Bf4 Nc6 10. dxc5 Bxc5 11. Rc1 Bb6 12. Qc2 Qe7 13. Rfd1 Rd8 14. Ne4 Nxe4 15. Qxe4 h6 16. g4 Rxd1+ 17. Rxd1 Qb4 18. Qxb4 Nxb4 19. Bd6 Nc6 20. Bg3 e5 21. h3 f6 22. e3 Be6 23. a3 Rc8 24. Nh4 Rc7 25. Nf5 Ne7 26. Nxe7+ Rxe7 27. Bd5 Kf7 28. Bxe6+ Kxe6 29. Kf1 Rc7 30. Rd2 Ba5 31. b4 Bb6 32. Ke2 a5 33. Rb2 axb4 34. Rxb4 Bc5 35. Rb3 Kd5 36. Kd3 Rd7 37. Bh2 e4+ 38. Kc3 Kc6 39. Kc2 b5 40. Rc3 Kb6 41. Kb3 Rd2 42. Bg3 Kc6 43. h4 Kd5 44. h5 Rd3 45. Kb2 Rxc3 46. Kxc3 Bxa3 47. Kb3 Be7 48. Bc7 Ke6 49. Ba5 f5 50. Bc3 Bf6 51. Bxf6 Kxf6 52. gxf5 Kxf5 53. Kb4 g6 54. hxg6 Kxg6 55. Kxb5 h5 56. Kc4 h4 57. Kd4 Kf5 0-1

[Event "GER-chT Lands U20"]
[Site "Wuerzburg"]
[Date "2019.10.02"]
[Round "2.10"]
[White "Gressler, Christian"]
[Black "Pavlov, Liliane"]
[Result "1-0"]
[WhiteElo "1464"]
[BlackElo "1629"]
[PlyCount "75"]
[EventDate "2019.10.01"]
[EventType "team-swiss"]
[EventRounds "7"]
[EventCountry "GER"]
[SourceTitle "EXT 2020"]
[Source "ChessBase"]
[SourceDate "2019.10.17"]
[SourceVersion "1"]
[SourceVersionDate "2019.10.17"]
[SourceQuality "1"]
[WhiteTeam "Mecklenburg Vorpommern"]
[BlackTeam "South Team"]
[WhiteTeamCountry "GER"]
[BlackTeamCountry "GER"]

1. e4 c5 2. Nf3 Nc6 3. g3 d6 4. d3 e5 5. Bg2 Nf6 6. 0-0 Be7 7. Nbd2 h6 8. Re1 Be6 9. Nf1 Qd7 10. Nh4 g5 11. Nf3 0-0-0 12. c3 Nh7 13. Be3 f5 14. b4 f4 15. b5 Na5 16. Bd2 b6 17. c4 Nb7 18. a4 h5 19. a5 Rdg8 20. axb6 axb6 21. Ra7 Kc7 22. Qa4 h4 23. Qa6 Rb8 24. Bc3 Bf6 25. N3d2 Bh3 26. Nb3 Bxg2 27. Kxg2 Qg4 28. f3 h3+ 29. Kf2 fxg3+ 30. Nxg3 Qc8 31. Ba5 bxa5 32. Nxa5 Be7 33. Qc6+ Kd8 34. Nxb7+ Rxb7 35. Qxb7 Qxb7 36. Rxb7 Ke8 37. Nf5 Bf8 38. Ra1 1-0

[Event "BL2 Sued 1819 (Women)"]
[Site "Germany"]
[Date "2019.01.12"]
[Round "6.4"]
[White "Pavlov, Liliane"]
[Black "Kalina, Lena"]
[Result "1-0"]
[WhiteElo "1728"]
[BlackElo "1449"]
[PlyCount "115"]
[EventDate "2018.10.27"]
[EventType "team-tourn"]
[EventRounds "7"]
[EventCountry "GER"]
[SourceTitle "CBM 190 Extra"]
[Source "ChessBase"]
[SourceDate "2019.07.15"]
[SourceVersion "1"]
[SourceVersionDate "2019.07.15"]
[SourceQuality "1"]
[WhiteTeam "Regensburg Bavaria (W)"]
[BlackTeam "Mainz Schott (W)"]
[WhiteTeamCountry "GER"]
[BlackTeamCountry "GER"]

1. d4 Nf6 2. Nc3 d5 3. Bg5 Nc6 4. e3 a6 5. a3 g6 6. Bd3 Bg7 7. f4 Bg4 8. Nf3 Qd7 9. h3 Bxf3 10. Qxf3 e6 11. g4 h5 12. 0-0-0 0-0-0 13. Rhg1 Rdf8 14. f5 hxg4 15. hxg4 gxf5 16. gxf5 Kb8 17. fxe6 fxe6 18. Qe2 Bh6 19. Bxh6 Rxh6 20. Rdf1 Rfh8 21. Bg6 Qe7 22. Qf3 Nd7 23. Qf7 Rf8 24. Qxe7 Rxf1+ 25. Rxf1 Nxe7 26. Bd3 Nc6 27. Nd1 Nb6 28. b3 e5 29. c3 exd4 30. exd4 Na5 31. Kb2 Rh2+ 32. Rf2 Rh3 33. Bc2 Nc8 34. Rf8 Nc6 35. Rxc8+ Kxc8 36. Bf5+ Kd8 37. Bxh3 Ke7 38. Ne3 Kd6 39. Bg2 Ne7 40. c4 c6 41. cxd5 cxd5 42. Kc3 b6 43. b4 b5 44. Nxd5 Nxd5+ 45. Bxd5 Kxd5 46. Kd3 Kd6 47. Ke4 Ke6 48. d5+ Kd7 49. Ke5 Ke7 50. d6+ Kd7 51. Kd5 Kd8 52. Kc6 Kc8 53. d7+ Kd8 54. Kd6 a5 55. bxa5 b4 56. a6 bxa3 57. a7 a2 58. a8Q# 1-0

[Event "GER-chT U20 Girls"]
[Site "Osnabrueck"]
[Date "2018.12.28"]
[Round "3.2"]
[White "Pavlov, Liliane"]
[Black "Sokolowski, Judith"]
[Result "1-0"]
[WhiteElo "1715"]
[BlackElo "1589"]
[PlyCount "69"]
[EventDate "2018.12.27"]
[EventType "team-swiss"]
[EventRounds "7"]
[EventCountry "GER"]
[SourceTitle "CBM 188 Extra"]
[Source "ChessBase"]
[SourceDate "2019.02.26"]
[SourceVersion "1"]
[SourceVersionDate "2019.02.26"]
[SourceQuality "1"]
[WhiteTeam "Regensburg Bavaria"]
[BlackTeam "Duesseldorf SK"]
[WhiteTeamCountry "GER"]
[BlackTeamCountry "GER"]

1. d4 d5 2. Nc3 Nf6 3. Bg5 Nbd7 4. e3 g6 5. f4 Bg7 6. Nf3 0-0 7. Be2 c5 8. 0-0 b6 9. Ne5 Bb7 10. Qe1 Rc8 11. Qh4 a6 12. a4 Re8 13. Rf3 Nf8 14. f5 Rc7 15. fxg6 Nxg6 16. Nxg6 fxg6 17. g4 cxd4 18. exd4 Ne4 19. Nxe4 dxe4 20. Rh3 h6 21. Bxh6 Bxh6 22. Qxh6 Qxd4+ 23. Kh1 e3+ 24. Kg1 Qg7 25. Qxe3 Rxc2 26. Qb3+ Qf7 27. Rh8+ Kxh8 28. Qxf7 Rec8 29. Bd3 Rg2+ 30. Kf1 Rxh2 31. Qxg6 Rf8+ 32. Ke1 Rf6 33. Qe8+ Kg7 34. Qxe7+ Rf7 35. Qe5+ 1-0

[Event "BL2 Sued 1819 (Women)"]
[Site "Germany"]
[Date "2018.11.18"]
[Round "4.3"]
[White "Siegl, Melina"]
[Black "Pavlov, Liliane"]
[Result "1-0"]
[WhiteElo "2004"]
[BlackElo "1728"]
[PlyCount "125"]
[EventDate "2018.10.27"]
[EventType "team-tourn"]
[EventRounds "7"]
[EventCountry "GER"]
[SourceTitle "CBM 190 Extra"]
[Source "ChessBase"]
[SourceDate "2019.07.15"]
[SourceVersion "1"]
[SourceVersionDate "2019.07.15"]
[SourceQuality "1"]
[WhiteTeam "Stuttgart Wolfbusch (W)"]
[BlackTeam "Regensburg Bavaria (W)"]
[WhiteTeamCountry "GER"]
[BlackTeamCountry "GER"]

1. e4 b6 2. d4 Bb7 3. Bd3 e6 4. c3 Nf6 5. Qe2 Be7 6. Nd2 c5 7. dxc5 Bxc5 8. Ngf3 Nc6 9. e5 Nd5 10. Ne4 Be7 11. Bc4 Na5 12. Bd3 h6 13. Nd4 a6 14. Qg4 g6 15. f4 Nc6 16. Nf3 d6 17. Bc2 Qd7 18. Bd2 0-0-0 19. b4 dxe5 20. fxe5 Na7 21. 0-0 g5 22. Qg3 f5 23. exf6 Nxf6 24. Nxf6 Bxf6 25. Be3 Qc7 26. Qxc7+ Kxc7 27. Nd4 Bxd4 28. Bxd4 Rhe8 29. Bg6 Rf8 30. Rxf8 Rxf8 31. Rf1 Rxf1+ 32. Kxf1 Bd5 33. Bg7 Bxa2 34. Bxh6 Nb5 35. Bxg5 Nxc3 36. h4 Bd5 37. h5 Be4 38. Bxe4 Nxe4 39. Bf4+ Kd7 40. h6 Nf6 41. g4 Nh7 42. g5 Nf8 43. Be5 Ke7 44. Bd4 Kf7 45. Bxb6 Kg6 46. Be3 Nd7 47. Ke2 Ne5 48. Kd2 Kh7 49. Kc3 Kg6 50. Kd4 Nd7 51. Kc4 Kh7 52. Kb3 Nb8 53. Bf4 Nc6 54. Kc4 e5 55. Bd2 Nb8 56. Kd5 Nd7 57. Be3 Kg6 58. Kd6 Nf8 59. Kxe5 Kh7 60. Kd6 Ng6 61. Kc6 Ne7+ 62. Kb7 Nd5 63. Bd2 1-0

[Event "BL2 Sued 1819 (Women)"]
[Site "Germany"]
[Date "2018.10.27"]
[Round "1.3"]
[White "Zimmer, Elke"]
[Black "Pavlov, Liliane"]
[Result "1/2-1/2"]
[WhiteElo "1945"]
[BlackElo "1728"]
[PlyCount "126"]
[EventDate "2018.10.27"]
[EventType "team-tourn"]
[EventRounds "7"]
[EventCountry "GER"]
[SourceTitle "CBM 190 Extra"]
[Source "ChessBase"]
[SourceDate "2019.07.15"]
[SourceVersion "1"]
[SourceVersionDate "2019.07.15"]
[SourceQuality "1"]
[WhiteTeam "Wadgassen/Differten (W)"]
[BlackTeam "Regensburg Bavaria (W)"]
[WhiteTeamCountry "GER"]
[BlackTeamCountry "GER"]

1. e4 b6 2. Nf3 Bb7 3. Bc4 Bxe4 4. Bxf7+ Kxf7 5. Ng5+ Ke8 6. Nxe4 Nf6 7. Nbc3 e6 8. d4 d5 9. Ng3 Nbd7 10. Qe2 Kf7 11. Bf4 Bb4 12. 0-0 Bxc3 13. bxc3 Re8 14. Rfe1 Nf8 15. Nh5 Nxh5 16. Qxh5+ Kg8 17. Re3 c6 18. Rae1 Qf6 19. Bd6 Qf7 20. Qh3 Rad8 21. Bxf8 Rxf8 22. Rf3 Qg6 23. Rxf8+ Rxf8 24. Qxe6+ Qxe6 25. Rxe6 Rc8 26. Re7 a5 27. f3 c5 28. Rb7 cxd4 29. Rxb6 Rxc3 30. Rb2 a4 31. Kf1 a3 32. Rb3 Rxc2 33. Rxa3 Rc3 34. Rb3 Kf7 35. Ke1 Rc2 36. a4 Ra2 37. Rb4 d3 38. Rd4 Ke6 39. Rg4 g6 40. h4 Kf6 41. g3 h5 42. Rd4 Ke5 43. Rxd3 Rxa4 44. Ke2 d4 45. Rd2 Ra3 46. Rb2 Re3+ 47. Kf2 Kf5 48. Rb4 Ke5 49. Rb5+ Kf6 50. Rd5 Rd3 51. Rd6+ Kf5 52. Rd8 Rd2+ 53. Kf1 d3 54. Rd5+ Ke6 55. Rg5 Kf6 56. Ke1 Re2+ 57. Kd1 Re5 58. Rxe5 Kxe5 59. Ke1 Kd5 60. Kd1 Ke5 61. Kd2 Kd4 62. g4 hxg4 63. fxg4 Ke4 1/2-1/2

[Event "GER-ch U14 Girls"]
[Site "Willingen"]
[Date "2018.05.21"]
[Round "3"]
[White "Pavlov, Liliane"]
[Black "Glinzner, Alva"]
[Result "1/2-1/2"]
[WhiteElo "1673"]
[BlackElo "1799"]
[PlyCount "141"]
[EventDate "2018.05.19"]
[EventType "swiss"]
[EventRounds "9"]
[EventCountry "GER"]
[SourceTitle "CBM 184 Extra"]
[Source "ChessBase"]
[SourceDate "2018.06.28"]
[SourceVersion "1"]
[SourceVersionDate "2018.06.28"]
[SourceQuality "1"]

1. d4 Nf6 2. Bg5 d5 3. Nc3 Nbd7 4. e3 e6 5. Nf3 Be7 6. Bd3 0-0 7. h4 c5 8. Bxf6 Nxf6 9. dxc5 Bxc5 10. Qe2 Bb4 11. 0-0 a6 12. Nd1 Qc7 13. c3 Bd6 14. Nd2 e5 15. e4 Bg4 16. f3 Bc5+ 17. Kh1 Nh5 18. Qe1 Be6 19. Ne3 Bxe3 20. Qxe3 Ng3+ 21. Kg1 Nxf1 22. Kxf1 d4 23. cxd4 Qb6 24. b3 Rfd8 25. Nc4 Bxc4 26. Bxc4 Rxd4 27. Qg5 Qc7 28. Rc1 h6 29. Qe3 Qe7 30. g3 Rd7 31. Bd5 Rc7 32. Rc4 Rac8 33. Qb6 Qd7 34. Kg2 Kh7 35. g4 Qe7 36. Kg3 Rxc4 37. bxc4 Rc7 38. a4 Qd7 39. a5 Qe7 40. Kh3 Rd7 41. Kg3 Rc7 42. Kh3 Kg8 43. Kg3 Kf8 44. Qa7 g6 45. Kh3 Qd7 46. Kg3 Ke7 47. Qb6 Qd6 48. Qb3 Qc5 49. Qc3 Kd6 50. Qd2 Qd4 51. Qxh6 Qg1+ 52. Kh3 Qh1+ 53. Kg3 Qe1+ 54. Kh3 Re7 55. h5 Qf2 56. Qh8 Qxf3+ 57. Kh4 Kc7 58. Qa8 Qf6+ 59. Kh3 Qf1+ 60. Kh4 Qf2+ 61. Kh3 Qf3+ 62. Kh4 Qf6+ 63. Kh3 Kd6 64. Qa7 Qf3+ 65. Kh4 Rc7 66. Qb6+ Kd7 67. hxg6 Qh1+ 68. Kg3 Qe1+ 69. Kh3 Qf1+ 70. Kh4 Qe1+ 71. Kh3 1/2-1/2